|
|
|
|
| LEADER |
01410nam a2200289 a 4500 |
| 001 |
IT\ICCU\UFI\0268758 |
| 003 |
GR-PaULI |
| 005 |
20241030121726.0 |
| 008 |
970818s1996 ne f| |||1| |eng|d |
| 020 |
|
|
|a 0444820612
|
| 040 |
|
|
|a GR-PaULI
|b gre
|c GR-PaULI
|d GR-AiPI
|e AACR2
|
| 082 |
0 |
4 |
|a 519.5
|2 23
|
| 245 |
0 |
0 |
|a Design and analysis of experiments /
|c edited by S. Ghosh and C. R. Rao.
|
| 260 |
|
|
|a Amsterdam :
|b North-Holland,
|c 1996.
|
| 300 |
|
|
|a xviii, 1229 σ. :
|b εικ. ;
|c 25 εκ.
|
| 490 |
1 |
|
|a Handbook of statistics ;
|v 13
|
| 504 |
|
|
|a Περιλαμβάνει βιβλιογραφικές παραπομπές και ευρετήριο.
|
| 650 |
|
4 |
|a Πειραματικός σχεδιασμός
|9 164339
|
| 650 |
|
4 |
|a Στατιστική
|9 85
|
| 700 |
1 |
|
|a Ghosh, Subir
|e επιμελητής
|9 164501
|
| 700 |
1 |
|
|a Rao, C. Radhakrishna
|q (Calyampudi Radhakrishna),
|d 1920-
|e επιμελητής
|9 10166
|
| 830 |
|
0 |
|a Handbook of statistics (North-Holland)
|v 13
|9 164495
|
| 942 |
|
|
|2 ddc
|c BK
|
| 952 |
|
|
|0 0
|1 0
|2 ddc
|4 0
|6 519_500000000000000_DES
|7 0
|9 215611
|a LISA
|b LISA
|c BSC
|d 2017-10-03
|i 3466
|l 0
|o 519.5 DES
|p 026000278813
|r 2017-10-03 00:00:00
|t 1
|w 2017-10-03
|y BK15
|
| 952 |
|
|
|0 0
|1 0
|2 ddc
|4 0
|6 519_500000000000000_DES
|7 0
|9 384598
|a LISP
|b LISP
|c BSC
|d 2024-10-30
|i 369018
|l 0
|o 519.5 DES
|p 025000292137
|r 2024-10-30 12:18:06
|t 2
|w 2024-10-30
|y BK15
|
| 998 |
|
|
|c ΜΙΧΟΣΤΑΥΡΟΥ
|d 2017-10
|
| 999 |
|
|
|c 130972
|d 130972
|